Datum a čas kvízu
30.5
Celkem bodů
Celkový počet nahraných bodů na tomto kvízu bez doplňovacích otázek.
6.
Pořadí na kvízu
Konečné umístění týmu na tomto kvízu.
Zaznamenané odpovědi
| # | Otázka | Odpověď | Body | Výsledky |
|---|---|---|---|---|
| 1. | Vláda minulý týden oznámila, ž... | Marian Jurečka | 1 | |
| 2. | Ruská plynárenská společnost G... | Polsko, Bulharsko | 1 | |
| 3. | Ve čtvrtek vstoupil do našich... | Promlčeno | 0 | |
| 4. | Minulý týden konečně nabyl jas... | Elon Musk, Twitter | 1 | |
| 5. | Česká snowboardistka a sjezdov... | windsurfing | 0 | |
| 6. | Při závodech osmiveslic nesmí... | kormidelníka | 0 | |
| 7. | Aby byl kůň podle Mezinárodní... | D | 0 | |
| 8. | Sféra s 26 otvory, plocha 800... | o florbale | 1 | |
| 9. | Kterou hodnotu určuje číslo 88... | B | 1 | |
| 10. | Křížová cesta je řada kapliček... | 14 zastavení | 0 |